<The> Impact of financial market imperfections on the investment – cash flow sensitivity in Slovak companies

Nedostatky kapitálového trhu a ťažkosti najmä malých a stredných podnikov pri získavaní externých finančných zdrojov. Výsledky empirickej štúdie na 53 slovenských podnikoch z roku 2011 o vplyve nedostatkov finančného trhu na investície automobilových spoločností.

Enregistré dans:
Détails bibliographiques
Auteur principal: Belanová, Katarína, 1978-
Format: Chapitre de livre
Langue:anglais
Sujets:
Tags: Ajouter un tag
Pas de tags, Soyez le premier à ajouter un tag!

MARC

LEADER 00000naa$a2200000$$$4500
001 0235600
005 20240502083627.6
041 0 |a eng 
044 |a CZ 
245 1 0 |a <The> Impact of financial market imperfections on the investment – cash flow sensitivity in Slovak companies  |c Katarína Belanová 
520 |a Nedostatky kapitálového trhu a ťažkosti najmä malých a stredných podnikov pri získavaní externých finančných zdrojov. Výsledky empirickej štúdie na 53 slovenských podnikoch z roku 2011 o vplyve nedostatkov finančného trhu na investície automobilových spoločností. 
610 2 0 |a financie podnikové 
610 2 0 |a podnik 
610 2 0 |a priemysel automobilový 
610 2 0 |a trh kapitálový 
610 2 0 |a nedokonalosť trhu 
610 2 0 |a investície 
610 2 0 |a cash flow 
610 2 0 |a citlivosť 
610 2 0 |a analýza empirická 
100 1 |a Belanová, Katarína, 1978-